000 00506nmm a2200169Ia 4500
008 251105s9999||||xx |||||||||||||||||und||
020 _a9781617410475
041 _aspa
100 _aMitten, Luana
245 0 _a¿Qué veo en el mar? = What do you see in the sea?
264 _a[Madrid, España] :
_bRourke Educational Media,
_c2009
300 _a16 páginas
490 _aRourke Board Books
650 _aAges 3-5 Years Old
856 _uhttps://public.digitaliapublishing.com/a/24565
942 _cCF
999 _c75187
_d75187